Analitičeskije metody vybora techničeskich sredstv ASU /

Na minha lista:
Detalhes bibliográficos
Main Authors: Voronov, A.A (Author), Čistjakov, J.V (Author)
Formato: Livro
Idioma:russo
Publicado em: Moskva : Nauka, 1976
Tags: Adicionar Tag
Sem tags, seja o primeiro a adicionar uma tag!

MARC

LEADER 00000nam a22000003a 4500
001 stu44153
005 20150617225718.7
008 950131s1976----xxr-----------------rus-d
040 |a STU  |b slo 
041 0 |a rus 
044 |a xxr 
100 1 |a Voronov, A.A  |4 aut 
245 1 |a Analitičeskije metody vybora techničeskich sredstv ASU /  |c [aut.]A.A. Voronov, J.V. Čistjakov 
260 |a Moskva :  |b Nauka,  |c 1976 
300 |a 352 s 
700 1 |a Čistjakov, J.V  |4 aut 
996 |b 284M003412  |c M*4349-1  |l MMKN  |s A  |a 24  |w stu44153_0001